Представление документа в формате RUSMARC

ПолеНазваниеЗначение
  Тип записи a
  Библиографический уровень m
001 Контрольный номер 0e95ee5f6d2c4eaab993f1febb2baa14
005 Дата корректировки 20260413112638.6
010 Индекс ISBN __
a ISBN 978-5-89818-114-7
b Уточнения в пер.
9 Тираж 200 экз.
100 Данные общей обработки __
a Данные общей обработки 20260410d2022 aemy0rusy028902 ca
101 Язык документа 0_
a Язык текста rus
102 Страна публикации __
a Страна публикации RU
105 Кодированные данные (монография) __
a Кодированные данные (монография) yc z 000yy
181 Поле кодированных данных: вид содержания _0
a Код вида содержания (ISBD) i
182 Поле кодированных данных: тип средства _0
a Код типа средства (ISBD) n
200 Заглавие и сведения об ответственности 1_
a Заглавие Земля. Метеориты, вулканы, землетрясения
f Первые сведения об ответственности Н. В. Короновский
203 Вид содержания и тип средства __
a Вид содержания Текст
c Тип средства непосредственный
210 Выходные данные 1_
a Место издания Москва
c Издательство ДМК Пресс
d Дата издания 2022
215 Физическое описание __
a Объем 172, [1] с.
d Формат 22 см
c Иллюстрации/тип воспроизводства цв. ил., фот., фот. цв., табл., схемы, портр.
300 Общие примечания __
a Общие примечания Информация об авторе на 4-й с. обложки
320 Библиография __
a Библиография Литература в конце книги
330 Аннотация __
a Аннотация В книге рассказывается о внутреннем строении Земли и методах его изучения; о современной геологической теории - тектонике литосферных плит; о наиболее опасных геологических явлениях - землетрясениях и извержениях вулканов и о возможности их предсказания; а также о падениях на Землю метеоритов.
540 Дополнительное заглавие, сделанное каталогизатором 10
a Дополнительное заглавие, сделанное каталогизатором Метеориты, вулканы, землетрясения
606 Тематические рубрики __
a Основная рубрика Геология
2 Код системы nlr_sh
606 Тематические рубрики __
a Основная рубрика Общие вопросы геологии
2 Код системы nlr_sh
610 Ключевые слова 1_
a Ключевые слова Вселенная
610 Ключевые слова 1_
a Ключевые слова Солнечная система
610 Ключевые слова 1_
a Ключевые слова метеориты
610 Ключевые слова 1_
a Ключевые слова вулканы
610 Ключевые слова 1_
a Ключевые слова землетрясения
610 Ключевые слова 1_
a Ключевые слова литосферные плиты
610 Ключевые слова 1_
a Ключевые слова тектоника
610 Ключевые слова 1_
a Ключевые слова извержения вулканов
610 Ключевые слова 1_
a Ключевые слова геологические явления
610 Ключевые слова 1_
a Ключевые слова геология
610 Ключевые слова 1_
a Ключевые слова строение Земли
610 Ключевые слова 0_
a Ключевые слова Земля
610 Ключевые слова 0_
a Ключевые слова популярная геология
610 Ключевые слова 0_
a Ключевые слова занимательная геология
610 Ключевые слова 0_
a Ключевые слова научно-популярная литература
610 Ключевые слова 0_
a Ключевые слова кометы
610 Ключевые слова 0_
a Ключевые слова магнитное поле Земли
610 Ключевые слова 0_
a Ключевые слова астрологические проблемы
610 Ключевые слова 0_
a Ключевые слова сейсмичность
610 Ключевые слова 0_
a Ключевые слова цунами
610 Ключевые слова 0_
a Ключевые слова катастрофы
610 Ключевые слова 0_
a Ключевые слова природные катастрофы
686 Индексы других классификаций __
2 Код системы rubbks
a Классификационный индекс 26.3; ст26.3
700 Автор _1
a Фамилия Короновский
b Имя Н. В.
g Полное личное имя Николай Владимирович
f Даты 1933-
4 Код отношения 070
801 Источник записи _0
b Организация Муниципальное бюджетное учреждение культуры "Централизованная библиотечная система" г. Сургут (Центральная городская библиотека им. А. С. Пушкина)
a Страна RU
c Дата составления 20260410
g Правила каталогизации PSBO
801 Источник записи _1
b Организация Муниципальное бюджетное учреждение культуры "Централизованная библиотечная система" г. Сургут (Центральная городская библиотека им. А. С. Пушкина)
a Страна RU
c Дата составления 20260410
g Правила каталогизации PSBO
852 Данные о местонахождении 5_
i Авторский знак К 68
j Шифр хранения 26.3
901 Тип документа __
a Ответственный ООФиК/Губина
t Тип документа m
901 Тип документа __
a Ответственный без партии
903 Характеристики (МАРС) __
a Дата передачи 20260410
c Наименование библиотеки (МАРС) Муниципальное бюджетное учреждение культуры "Централизованная библиотечная система" г. Сургут (Центральная городская библиотека им. А. С. Пушкина)
969 Тип издания __
a Тип издания научно-популярное издание